00872nam a2200229 a 4500001001000000003000500010005001700015008004100032010001100073011001100084040000900095100003100104245014200135260004100277500006000318502007700378650002800455650002900483650003700512650002300549856007000572000112381CHAP20220329144302.0160308s2016 mx a fsm |||||||spa d a108842 a109814 cCHAP1 aMartínez Mogica, Araceli10aEvaluación de nutrición edáfica en haba (Vicia faba L.) criolla michoacana amarilla /h[En línea]cpor Araceli Martínez Mogica. aChapingo, Méx. :bEl autor,c2016. aPara ver el contenido del material haga clic en la liga aTesis (Ing. Agr. Esp. en Fitotecnia) -- UACH. Departamento de Fitotecnia14aFertilización foliar.14aFertilizantes para haba.14aFertilizantesxEfecto en suelos.14aHabaxRendimiento. aFinding aiduhttp://10.13.5.2/tesis/sist112381.pdfzTeclea aquí